[Event "Montcada op-B 26th"]
[Site "Montcada"]
[Date "2018.06.26"]
[Round "2"]
[White "Nadal Fajardo, Ricard"]
[Black "Diaz Narvaez, Jose"]
[Result "1-0"]
[WhiteElo "1914"]
[BlackElo "1657"]
[PlyCount "53"]
[EventDate "2018.06.25"]
[EventType "swiss"]
[EventRounds "9"]
[EventCountry "ESP"]
[SourceTitle "EXT 2019"]
[Source "ChessBase"]
[SourceDate "2018.10.10"]
[SourceVersion "1"]
[SourceVersionDate "2018.10.10"]
[SourceQuality "1"]

1. c4 d5 2. cxd5 Nf6 3. Nc3 Nxd5 4. g3 e6 5. Bg2 Be7 6. Nf3 0-0 7. 0-0 c6 8. d3 Nd7 9. Bd2 Re8 10. a3 Bf6 11. Qc2 N7b6 12. Rab1 Rb8 13. Ne4 Be7 14. b4 Nd7 15. d4 N7f6 16. Rfd1 Nxe4 17. Qxe4 Bd7 18. Ne5 f6 19. Nc4 Bf8 20. Qd3 Ne7 21. Nd6 Ng6 22. Nxe8 Qxe8 23. e4 a6 24. h4 Qf7 25. h5 Ne7 26. Bf3 Rc8 27. Bc3 1-0

[Event "Benidorm op U2000 06th"]
[Site "Benidorm"]
[Date "2007.??.??"]
[Round "2"]
[White "Garcia Iturriaga, Manuel"]
[Black "Diaz Narvaez, Jose"]
[Result "1-0"]
[WhiteElo "1925"]
[BlackElo "1860"]
[PlyCount "61"]
[EventDate "2007.11.??"]
[EventType "swiss"]
[EventRounds "9"]
[EventCountry "ESP"]
[SourceTitle "EXT 2010"]
[Source "ChessBase"]
[SourceDate "2010.11.25"]
[SourceVersion "1"]
[SourceVersionDate "2010.11.25"]
[SourceQuality "1"]

1. f4 d5 2. Nf3 Nc6 3. e3 a6 4. Be2 e6 5. b3 Nf6 6. Bb2 Bd6 7. 0-0 Qe7 8. Ne5 0-0 9. Qe1 Ne8 10. Nxc6 bxc6 11. c4 f5 12. Qg3 a5 13. Nc3 Ba6 14. Rac1 Ba3 15. Rc2 Bxb2 16. Rxb2 Rb8 17. d3 Nf6 18. Rc2 Rfc8 19. Rfc1 Nd7 20. Nb1 Nb6 21. Nd2 Rb7 22. Nf3 Nd7 23. Qh3 Qf6 24. Ng5 h6 25. Nf3 Qe7 26. Qg3 dxc4 27. bxc4 c5 28. Nh4 Nf8 29. Bh5 Rcb8 30. e4 fxe4 31. dxe4 1-0

[Event "Catalunya-ch Seniors"]
[Site "Andorra"]
[Date "2006.07.26"]
[Round "9"]
[White "Aunes Cabanero, Jose"]
[Black "Diaz Narvaez, Jose"]
[Result "0-1"]
[WhiteElo "1861"]
[BlackElo "1926"]
[PlyCount "81"]
[EventDate "2006.07.18"]
[EventType "swiss"]
[EventRounds "9"]
[EventCountry "ESP"]
[SourceTitle "EXT 2019"]
[Source "ChessBase"]
[SourceDate "2018.10.10"]
[SourceVersion "1"]
[SourceVersionDate "2018.10.10"]
[SourceQuality "1"]

1. e4 e5 2. Nf3 Nc6 3. Bc4 Nf6 4. 0-0 Bc5 5. c3 d6 6. d4 Bb6 7. Bg5 Bg4 8. d5 Ne7 9. Re1 Ng6 10. Bb5+ Kf8 11. h3 Bd7 12. Bxd7 Qxd7 13. Nbd2 Nh5 14. Nxe5 Nxe5 15. Qxh5 Nd3 16. Rf1 Nxb2 17. Rab1 Na4 18. Qf3 Nc5 19. Nc4 Qa4 20. Nxb6 axb6 21. Be3 Qxe4 22. Qd1 Qc4 23. Re1 Rxa2 24. Bd4 h5 25. Qf3 Qd3 26. Qf4 Nd7 27. Qg5 f6 28. Qf4 Kf7 29. Ra1 Rha8 30. Rad1 Qg6 31. Re3 Ra1 32. Rxa1 Rxa1+ 33. Kh2 Qb1 34. Qf3 g6 35. Re6 f5 36. Qf4 Qh1+ 37. Kg3 Rg1 38. Re7+ Kxe7 39. Qg5+ Kf7 40. Qh6 Qxg2+ 41. Kh4 0-1

[Event "Catalunya-ch Seniors"]
[Site "Andorra"]
[Date "2006.07.24"]
[Round "7"]
[White "Diaz Narvaez, Jose"]
[Black "Cardo Bornas, Ignasi"]
[Result "0-1"]
[WhiteElo "1926"]
[BlackElo "2048"]
[PlyCount "94"]
[EventDate "2006.07.18"]
[EventType "swiss"]
[EventRounds "9"]
[EventCountry "ESP"]
[SourceTitle "EXT 2019"]
[Source "ChessBase"]
[SourceDate "2018.10.10"]
[SourceVersion "1"]
[SourceVersionDate "2018.10.10"]
[SourceQuality "1"]

1. d4 d5 2. c4 c6 3. Nc3 Nf6 4. Nf3 e6 5. Bg5 Nbd7 6. Qc2 Be7 7. e3 b6 8. cxd5 cxd5 9. Bb5 0-0 10. 0-0 Bb7 11. Bxf6 Nxf6 12. Rac1 Qd6 13. a3 Rfc8 14. Bd3 h6 15. Qb1 a6 16. Ne5 b5 17. b4 Rc7 18. Ne2 Rac8 19. Rxc7 Rxc7 20. Rc1 Rxc1+ 21. Qxc1 Nd7 22. f4 Nb6 23. Qc3 Nc4 24. Bc2 Bd8 25. Kf2 Qc7 26. Nd3 Nxa3 27. Qxc7 Bxc7 28. Bb3 Nc4 29. Nc5 Bc8 30. Nc3 h5 31. g3 f6 32. Bd1 g6 33. Bf3 f5 34. h3 Kf7 35. g4 hxg4 36. hxg4 Nd6 37. gxf5 gxf5 38. Be2 Ke7 39. Bd3 Nc4 40. Ke2 Kd6 41. Bc2 Kc6 42. Bb3 a5 43. Na2 axb4 44. Nxb4+ Kd6 45. Nbd3 Kc6 46. Nb4+ Kb6 47. Kd3 Bd6 0-1

[Event "Catalunya-ch Seniors"]
[Site "Andorra"]
[Date "2006.07.19"]
[Round "2"]
[White "Diaz Narvaez, Jose"]
[Black "Reverter Sancho, Batista"]
[Result "1-0"]
[WhiteElo "1926"]
[BlackElo "1812"]
[PlyCount "77"]
[EventDate "2006.07.18"]
[EventType "swiss"]
[EventRounds "9"]
[EventCountry "ESP"]
[SourceTitle "EXT 2019"]
[Source "ChessBase"]
[SourceDate "2018.10.10"]
[SourceVersion "1"]
[SourceVersionDate "2018.10.10"]
[SourceQuality "1"]

1. d4 e6 2. c4 d6 3. e4 Nd7 4. Nc3 c6 5. Nf3 Qc7 6. Be2 g6 7. Be3 Bg7 8. 0-0 a6 9. Rc1 Nb6 10. Qd2 f6 11. Rfd1 e5 12. dxe5 dxe5 13. c5 Nd7 14. b4 Nf8 15. Bc4 Be6 16. Qe2 Qf7 17. Bxe6 Nxe6 18. Rd6 Ne7 19. Qc4 Nd8 20. Nd2 Nc8 21. Rxd8+ Ke7 22. Qxf7+ Kxf7 23. Rd7+ Ne7 24. Nc4 Rab8 25. Rcd1 Ke6 26. R1d6+ Kf7 27. Rc7 Rhd8 28. Rxd8 Rxd8 29. Nd6+ Kf8 30. Rxb7 f5 31. f3 f4 32. Bf2 Bf6 33. Na4 Kg8 34. Nb6 g5 35. Nd7 Bg7 36. Rb8 Rxb8 37. Nxb8 Ng6 38. Nxc6 Nf8 39. Ne7+ 1-0

[Event "Catalunya-ch Seniors"]
[Site "Andorra"]
[Date "2006.07.18"]
[Round "1"]
[White "Garcia Orus, Francisco"]
[Black "Diaz Narvaez, Jose"]
[Result "1-0"]
[WhiteElo "2169"]
[BlackElo "1926"]
[PlyCount "53"]
[EventDate "2006.07.18"]
[EventType "swiss"]
[EventRounds "9"]
[EventCountry "ESP"]
[SourceTitle "EXT 2019"]
[Source "ChessBase"]
[SourceDate "2018.10.10"]
[SourceVersion "1"]
[SourceVersionDate "2018.10.10"]
[SourceQuality "1"]

1. Nf3 d5 2. g3 c6 3. Bg2 Nf6 4. 0-0 h6 5. d3 Nbd7 6. Nbd2 e5 7. e4 dxe4 8. dxe4 Qc7 9. b3 Bb4 10. Bb2 Bxd2 11. Nxd2 b6 12. Nc4 0-0 13. Re1 Ba6 14. Bf1 Rad8 15. f3 Ne8 16. Qd2 b5 17. Ne3 Nef6 18. Rad1 Rfe8 19. Nf5 Nc5 20. Qe3 Rxd1 21. Rxd1 Ncd7 22. h4 Re6 23. Ba3 Qb6 24. Qxb6 Nxb6 25. Ne7+ Kh7 26. Bh3 Rxe7 27. Bxe7 1-0

[Event "Barbera del Valles op B 29th"]
[Site "Barbera del Valles"]
[Date "2006.07.05"]
[Round "1"]
[White "Fabre Massana, Miquel"]
[Black "Diaz Narvaez, Jose"]
[Result "1-0"]
[WhiteElo "2124"]
[BlackElo "1926"]
[PlyCount "55"]
[EventDate "2006.07.05"]
[EventType "swiss"]
[EventRounds "9"]
[EventCountry "ESP"]
[SourceTitle "EXT 2022"]
[Source "ChessBase"]
[SourceDate "2021.10.06"]
[SourceVersion "1"]
[SourceVersionDate "2021.10.06"]
[SourceQuality "1"]

1. e4 e5 2. Nf3 Nc6 3. Bc4 Nf6 4. d4 exd4 5. e5 Ng4 6. Qe2 Bb4+ 7. c3 dxc3 8. bxc3 Be7 9. 0-0 d6 10. e6 Bxe6 11. Bxe6 fxe6 12. Qxe6 Qd7 13. Qb3 0-0-0 14. Nbd2 Qf5 15. h3 Nge5 16. Nd4 Nxd4 17. cxd4 Nd7 18. Rb1 b6 19. Nc4 Qd5 20. Qa4 Qa8 21. Ba3 Rhf8 22. Rfc1 Rf6 23. Nxb6+ Nxb6 24. Rxb6 a5 25. Rb5 Rdf8 26. Rxa5 Qxg2+ 27. Kxg2 Rxf2+ 28. Kg1 1-0